Tout les tomes de Mortelle Adèle - Statistiques

Statistiques générales
  • Ce quiz a été pris 71 fois
  • Le résultat moyen est 7 sur 21
Statistiques - réponses
Tomes Réponses % Correct
N°1 Tout ça finira mal
57%
N°4 J'aime pas l'amour
54%
N°8 Parents à vendre
51%
N°3 C'est pas ma faute !
43%
N°7 Pas de pitié pour les nazebroques !
43%
N°10 Choubidoulove
41%
N°9 La rentrée des claques
41%
N°5 Poussez-vous les moches !
41%
N°19 Face de beurk !
38%
N°2 L'enfer c'est les autres
38%
N°14 Prout atomique
38%
N°20 J'apocalypse grave !
32%
N°16 Jurassic Mamie
32%
N°17 Karmastrophique !
32%
N°12 A la pêche aux nouilles !
27%
N°15 Funky moumoute
27%
N°18 Toi, je te zut !
27%
N°6 Un talent monstre
27%
N°21 Récréation générale !
24%
N°11 Ca sent la croquette !
19%
N°13 Big bisous bien baveux
5%
Aucun quiz correspondant
Distribution des résultats
% des personnes avec chaque résultat
Percentile par nombre de réponses
Votre historique - résultats
Vous n’avez pas pris ce quiz